000 00608nam a2200181Ia 4500
003 OSt
005 20260328084912.0
008 211028s2009 xx 000 0 und d
040 _cAIMIT LIBRARY
041 _aeng
082 _a658.3 PRIT
100 _aPrithvi K P;Dhananjaya K.
_g716094
_96301
245 _aA study on the impact of performance appraisal system on employees demeanor with reference to Mangalore refinery and petrochmicals ltd, Mangalore /
260 _bDhananjaya K
_c2009
600 _aHuman Resource Management
_96302
650 _aHuman Resource Management
_96303
942 _2ddc
_cPRO
999 _c218192
_d218192